LEADER 00858nam0 2200277 450 001 000015328 005 20181107145830.0 100 $a20080818d1974----km-y0itay50------ba 101 0 $aita 102 $aIT 105 $ay-------001yy 200 1 $aCapitale monopolistico, impresa e istituzioni$ele teorie giuridiche e ideologie$fFrancesco Cavazzuti 210 $aBologna$cIl Mulino$dc1974 215 $a154 p.$d22 cm 225 2 $aStudi e ricerche$v28 410 0$12001$aStudi e ricerche 610 1 $aMonopoli 610 1 $aCapitale monopolistico 610 1 $aUnioni d'imprese 676 $a346.7$v18 700 1$aCavazzuti,$bFrancesco$0526537 801 0$aIT$bUNIPARTHENOPE$c20080818$gRICA$2UNIMARC 912 $a000015328 951 $a338.9/106$b20126$cNAVA4 996 $aCapitale monopolistico, impresa e istituzioni$9864364 997 $aUNIPARTHENOPE